37 modos de hacer ciencia en América Latina / (Registro nro. 172)

Detalles MARC
000 -CABECERA
Campo de control 00923nam a2200265 a 4500
005 - FECHA Y HORA DE LA ULTIMA TRANSACCION
Campo de control 20160107050544.0
008 - ELEMENTOS DE LONGITUD FIJA—INFORMACION GENERAL
Campo de control 140219b1997 ck d fr|||| 00| 0 spa d
020 ## - ISBN
ISBN 958601715X
040 ## - FUENTE DE CATALOGACIÓN
Agencia catalogadora original CO-BoIAVH
Agencia transcriptora CO-BoIAVH
041 0# - IDIOMA
Código de idioma para texto/pista de sonido o título separado Español
044 ## - PAÍS DE PUBLICACIÓN
País de publicación Colombia
082 04 - NUMERO DE CLASIFICACION DECIMAL DEWEY
Número de clasificación 507.2
Número del ítem G56m
100 1# - ASIENTO PRINCIPAL--NOMBRE PERSONAL
Nombre personal Gómez B., Hernando
Término relacionado Compilador
9 (RLIN) 6779
245 1# - MENCION DE TITULO
Título 37 modos de hacer ciencia en América Latina /
Mención de responsabilidad compiladores Hernando Gómez B., Hernán Jaramillo S.
260 ## - PUBLICACION, DISTRIBUCION, ETC. (PIE DE IMPRENTA)
Lugar de publicación, distribución, etc. Bogotá :
Nombre del editor, distribuidor, etc. Tercer Mundo :
-- COLCIENCIAS,
Fecha de publicación, distribución, etc. 1997.
300 ## - DESCRIPCION FISICA
Extensión 405 páginas :
Otros detalles físicos Cuadros ;
Dimensiones 23 x 16 cm.
650 #6 - ASIENTO SECUNDARIO DE MATERIA - TERMINO TEMATICO
Término temático o nombre geográfico como elemento de entrada Investigación científica
9 (RLIN) 47550
650 #4 - ASIENTO SECUNDARIO DE MATERIA - TERMINO TEMATICO
Término temático o nombre geográfico como elemento de entrada Ciencia
Subdivisión geográfica Latinoamérica
9 (RLIN) 47551
650 #6 - ASIENTO SECUNDARIO DE MATERIA - TERMINO TEMATICO
Término temático o nombre geográfico como elemento de entrada Institutos de Investigación
9 (RLIN) 47552
650 #6 - ASIENTO SECUNDARIO DE MATERIA - TERMINO TEMATICO
Término temático o nombre geográfico como elemento de entrada Política científica y educativa
9 (RLIN) 3774
650 #6 - ASIENTO SECUNDARIO DE MATERIA - TERMINO TEMATICO
Término temático o nombre geográfico como elemento de entrada Centros de investigación
9 (RLIN) 19577
662 ## - ASIENTO SECUNDARIO DE MATERIA - JERARQUIA DEL NOMBRE DE LUGAR(
Jurisdicción política intermedia América Latina
700 1# - ASIENTO SECUNDARIO - NOMBRE PERSONAL
Nombre personal Jaramillo S., Hernán
Término de relación Compilador
9 (RLIN) 6780
942 ## - ELEMENTOS ADICIONALES (KOHA)
Tipo de ítem Libro
Sistema de clasificación Dewey Decimal Classification
Existencias
Withdrawn status Lost status Sistema de Clasificación Damaged status No para préstamo Colección Inventariado Ubicación Permanente Ubicación actual Fecha de adquisición Fuente de Valor Valor Total Checkouts Número topográfico Inventario / Código de Barras Date last seen Ejemplar Price effective from Forma de adquisición Tipo de material
    Dewey Decimal Classification     General Inventariado 2017 Bogotá Bogotá 23/12/1997 Instituto 39000.00   LB-507.2 G56m 000214 04/12/2012 Ej. 1 04/12/2012   Libro
    Dewey Decimal Classification     General Inventariado 2017 Bogotá Bogotá 19/01/2001 Instituto 39000.00   LB-507.2 G56m 000216 04/12/2012 Ej. 2 04/12/2012   Libro
    Dewey Decimal Classification     General Inventariado 2017 Bogotá Bogotá 22/08/2017 Instituto 39000.00   LB-507.2 G56m 000215 22/08/2017 Ej. 3 22/08/2017 Donación Libro